Muʻjam māqayīs al-lughah /

Saved in:

Main Author: Ibn Fāris al-Qazwīnī, Aḥmad, active 10th century (Author)

Other Authors: Hārūn, ʻAbd al-Salām Muḥammad.

Format: Book

Language: Arabic

Published: al-Qāhirah : Dār Iḥyāʼ al-Kutub al-ʻArabīyah, 1366-1371 [1946 or 1947-1952].

Edition: al-Ṭabʻah 1.

Subjects:

Tags: Add Tag

No Tags, Be the first to tag this record!

Call Number: PJ6620 .I253 v.1-6

LEADER 02550nam a2200313Ia 4500
003 OSt
005 20231002115138.0
008 130303m19461952ua bd 001 0 ara d
952 |0 0  |1 0  |2 lcc  |3 V.1  |4 0  |6 PJ6620 I253 V.00001-00006  |7 1  |9 50294  |a ARCE  |b ARCE  |d 2023-10-02  |l 0  |o PJ6620 .I253 v.1-6  |p 1030645  |r 2023-10-02 00:00:00  |w 2023-10-02  |y BK 
952 |0 0  |1 0  |2 lcc  |3 V.2  |4 0  |6 PJ6620 I253 V.00001-00006  |7 1  |9 63245  |a ARCE  |b ARCE  |d 2024-02-28  |l 0  |o PJ6620 .I253 v.1-6  |p 1030646  |r 2024-02-28 00:00:00  |w 2024-02-28  |y BK 
952 |0 0  |1 0  |2 lcc  |3 V.3  |4 0  |6 PJ6620 I253 V.00001-00006  |7 1  |9 63246  |a ARCE  |b ARCE  |d 2024-02-28  |l 0  |o PJ6620 .I253 v.1-6  |p 1030647  |r 2024-02-28 00:00:00  |w 2024-02-28  |y BK 
952 |0 0  |1 0  |2 lcc  |3 V.4  |4 0  |6 PJ6620 I253 V.00001-00006  |7 1  |9 63247  |a ARCE  |b ARCE  |d 2024-02-28  |l 0  |o PJ6620 .I253 v.1-6  |p 1030648  |r 2024-02-28 00:00:00  |w 2024-02-28  |y BK 
952 |0 0  |1 0  |2 lcc  |3 V.5  |4 0  |6 PJ6620 I253 V.00001-00006  |7 1  |9 63248  |a ARCE  |b ARCE  |d 2024-02-28  |l 0  |o PJ6620 .I253 v.1-6  |p 1030649  |r 2024-02-28 00:00:00  |w 2024-02-28  |y BK 
952 |0 0  |1 0  |2 lcc  |3 V.6  |4 0  |6 PJ6620 I253 V.00001-00006  |7 1  |9 63249  |a ARCE  |b ARCE  |d 2024-02-28  |l 0  |o PJ6620 .I253 v.1-6  |p 1030650  |r 2024-02-28 00:00:00  |w 2024-02-28  |y BK 
999 |c 26669  |d 26669 
040 |c ARCE Library 
050 4 |a PJ6620 .I253 v.1-6 
100 1 |6 880-01  |a Ibn Fāris al-Qazwīnī, Aḥmad,  |d active 10th century,  |e author 
245 1 0 |6 880-02  |a Muʻjam māqayīs al-lughah /   |c li-Abī al-Ḥusayn Aḥmad ibn Fāris ibn Zakariyā ; bi-taḥqīq wa-ḍabṭ ʻAbd al-Salām Muḥammad Hārūn. 
250 |a al-Ṭabʻah 1. 
264 1 |a al-Qāhirah :   |b Dār Iḥyāʼ al-Kutub al-ʻArabīyah,   |c 1366-1371 [1946 or 1947-1952]. 
300 |a 6 volumes ;   |c 26 cm. 
504 |a Includes bibliographical references (v. 6, p. 480-485) and indexes. 
650 0 |a Arabic language  |x Etymologies  |v Dictionaries. 
700 1 |a Hārūn, ʻAbd al-Salām Muḥammad. 
880 1 |6 100-01/(3/r  |a ابن فارس القزويني، أحمد،‪‪‪‪‪‪‪‪‪‪‪‪‪‪‪‪‪‪‪‪‪‪‪‪‪‪‪‪‪‪‪‪‪‪‪‪‪‪‪‪‪‪‪‪‪‪‪‪‪‪‪  |d نشط القرن 10.‪‪‪‪‪‪‪‪‪‪‪‪‪‪‪‪‪‪‪‪‪‪ 
880 1 0 |6 245-02/(3/r  |a معجم مقاييس اللغة   |c لأبي الحسين أحمد بن فارس بن زكريا ؛ بتحقيق و ضبط عبد السلام محمد هارون.‪‪‪‪‪‪‪‪‪‪‪‪‪‪‪‪‪‪‪‪‪‪‪‪‪‪‪‪‪‪‪‪‪‪‪‪‪‪‪‪‪‪‪‪‪‪‪‪‪‪‪ 
901 |a reviewed 
942 |c BK  |2 lcc